LEADER 01033nam0 22002891i 450 001 UON00346691 005 20231205104322.834 100 $a20091120d1974 |0itac50 ba 101 $arum 102 $aRO 105 $a|||| 1|||| 200 1 $aMihai Eminescu$fTudor Vianu$gprefata de Al. Dima 210 $aIasi$cJunimea$d1974 215 $a352 p.$d19 cm. 410 1$1001UON00346684$12001 $aEminesciana$v3 606 $aEMINESCU MIHAI$3UONC073026$2FI 620 $dIa?i$3UONL004069 676 $a859$cLetteratura romena e letterature ladine$v21 700 1$aVIANU$bTudor$3UONV185840$0160761 702 1$aDIMA$bAlexandru$3UONV186690 712 $aJunimea$3UONV273853$4650 801 $aIT$bSOL$c20240220$gRICA 899 $aSIBA - SISTEMA BIBLIOTECARIO DI ATENEO$2UONSI 912 $aUON00346691 950 $aSIBA - SISTEMA BIBLIOTECARIO DI ATENEO$dSI FONDO ONCIULESCU B 0069 $eSI EO 44806 5 0069 996 $aMihai Eminescu$91358857 997 $aUNIOR